Top 10 Manchester City Premier League Scorers - Statistics

General Stats
  • This quiz has been taken 1,091 times
    646 since last reset
  • The average score is 7 of 10
Answer Stats
Player Goals % Correct
Sergio Agüero 184
99%
Erling Haaland 85
95%
Kevin De Bruyne 72
89%
David Silva 60
83%
Raheem Sterling 91
83%
Phil Foden 61
63%
Edin Džeko 50
60%
Yaya Touré 59
57%
Gabriel Jesus 58
51%
Carlos Tevez 58
50%
No matching quizzes found
Score Distribution
Percent of People with Each Score
Percentile by Number Answered
Your Score History
You have not taken this quiz since the last reset